|
|
|
|
| LEADER |
00000nam0a2200000 4500 |
| 001 |
197605 |
| 005 |
20231031183516.0 |
| 020 |
|
|
|a RU
|b 91-4765
|
| 035 |
|
|
|a (RuTPU)RU\TPU\book\215557
|
| 090 |
|
|
|a 197605
|
| 100 |
|
|
|a 20110615d1990 m a0rusy5003 ca
|
| 101 |
0 |
|
|a rus
|
| 102 |
|
|
|a RU
|
| 105 |
|
|
|a a z 001zy
|
| 200 |
1 |
|
|a Растворение ферросплавов в жидком металле
|f В. И. Жучков, А. С. Носков, А. Л. Завьялов
|g Академия наук СССР (АН СССР), Уральское отделение
|
| 210 |
|
|
|a Свердловск
|c УрО АН СССР
|d 1990
|
| 215 |
|
|
|a 134 с.
|c ил.
|d 22 см
|
| 320 |
|
|
|a Библиогр.: с. 122-132. (226 назв.)
|
| 610 |
1 |
|
|a ферросплавы
|
| 610 |
1 |
|
|a жидкие металлы
|
| 610 |
1 |
|
|a взаимодействие
|
| 610 |
1 |
|
|a растворение
|
| 610 |
1 |
|
|a гидродинамика
|
| 610 |
1 |
|
|a тепломассообмен
|
| 675 |
|
|
|a 669.157
|z rus
|
| 700 |
|
1 |
|a Жучков
|b В. И.
|g Владимир Иванович
|4 070
|
| 701 |
|
1 |
|a Носков
|b А. С.
|g Александр Семенович
|
| 701 |
|
1 |
|a Завьялов
|b А. Л.
|g Александр Львович
|
| 712 |
0 |
2 |
|a Академия наук СССР (АН СССР)
|b Уральское отделение
|2 stltpush
|3 (RuTPU)RU\TPU\col\11479
|
| 801 |
|
0 |
|a RU
|b RuMRKP
|c 19950417
|g psbo
|
| 801 |
|
1 |
|a RU
|b 63413507
|c 20110615
|
| 801 |
|
2 |
|a RU
|b 63413507
|c 20110809
|g RCR
|
| 942 |
|
|
|c BK
|